The Americas Geography By Letter I - Picture Quiz - Statistics

General Stats
  • This quiz has been taken 612 times
  • The average score is 8 of 18
Answer Stats
Picture Hint Answer % Correct
(state) Idaho
95%
(former empire) {Inca} Empire
95%
(house) Igloo
92%
(animal) Iguana
87%
(indigenous people) Inuit
85%
(city) Indianapolis
83%
(beach) Ipanema
70%
{Iguazú} Falls
55%
(building) Independence Hall
37%
{Iroquois} Confederacy
32%
(national park) Isle Royale
9%
(animal) {Indigo} Snake
8%
(cityl) Iquitos
7%
(animal) {Ivory} Gull
7%
(region) Ica
5%
(region) Interlake
3%
(animal) Icefish
2%
(language) Inuinnaqtun
0%
No matching quizzes found
Score Distribution
Percent of People with Each Score
Percentile by Number Answered
Your Score History
You have not taken this quiz